Statistiken für Die 10 größten Länder von Europa

Klicken Sie hier um das Quiz zu spielen!

Allgemein

  • Dieses Quiz wurde 328 mal gespielt
  • Das Durchschnittsergebnis liegt bei 10 aus 10

Antwortstatistiken

PlatzLand% Korrekt
1.Russland
100%
7.Deutschland
99%
3.Frankreich
99%
4.Spanien
98%
5.Schweden
97%
2.Ukraine
96%
6.Norwegen
94%
9.Polen
94%
8.Finnland
93%
10.Italien
93%

Verteilung der Resultate

Perzentil nach korrekt beantworteten Fragen

Anzahl Personen mit jedem Resultat

Ihre Resultats-Entwicklung

Sie haben dieses Quiz noch nicht gespielt